000 00559nam a2200193 4500
999 _c164705
_d164705
005 20190524153150.0
010 _aENG-125299
020 _a9788184620986
_c250.00
035 _aEN-108831
037 _bDBAD/PUB
082 _aN
100 _aKaushik, Shreya
245 _aThe english queen of scots /
_cby Shreya Kaushik
260 _aMumbai
_bI'mprint!
_c2014
270 _aIndustry Manor, Appasaheb Marathe Marg, Prabhadevi
_bMumbai
_e400025
300 _a219p.
_c22cm(Hb)
500 _aIncludes bibliographical references
942 _2ddc
_cEN
_hN
_mKAU